<?xml version="1.0" encoding="UTF-8"?><?xml-stylesheet type="text/xsl" href="static/style.xsl"?><OAI-PMH xmlns="http://www.openarchives.org/OAI/2.0/" xmlns:xsi="http://www.w3.org/2001/XMLSchema-instance" xsi:schemaLocation="http://www.openarchives.org/OAI/2.0/ http://www.openarchives.org/OAI/2.0/OAI-PMH.xsd"><responseDate>2026-06-07T07:49:04Z</responseDate><request verb="GetRecord" identifier="oai:riuma.uma.es:10630/29290" metadataPrefix="marc">https://riuma.uma.es/rest/oai/request</request><GetRecord><record><header><identifier>oai:riuma.uma.es:10630/29290</identifier><datestamp>2026-02-03T10:55:42Z</datestamp><setSpec>com_10630_2254</setSpec><setSpec>col_10630_37953</setSpec></header><metadata><record xmlns="http://www.loc.gov/MARC21/slim" xmlns:dcterms="http://purl.org/dc/terms/" xmlns:doc="http://www.lyncode.com/xoai" xmlns:xsi="http://www.w3.org/2001/XMLSchema-instance" xsi:schemaLocation="http://www.loc.gov/MARC21/slim http://www.loc.gov/standards/marcxml/schema/MARC21slim.xsd">
   <leader>00925njm 22002777a 4500</leader>
   <datafield ind2=" " ind1=" " tag="042">
      <subfield code="a">dc</subfield>
   </datafield>
   <datafield ind2=" " ind1=" " tag="720">
      <subfield code="a">Herrera-Pastor, David</subfield>
      <subfield code="e">author</subfield>
   </datafield>
   <datafield ind2=" " ind1=" " tag="720">
      <subfield code="a">De-Oña-Cots, José Manuel</subfield>
      <subfield code="e">author</subfield>
   </datafield>
   <datafield ind2=" " ind1=" " tag="260">
      <subfield code="c">2016-06-30</subfield>
   </datafield>
   <datafield ind2=" " ind1=" " tag="520">
      <subfield code="a">El presente artículo se destila de una investigación biográfica desarrollada en torno a la historia de Omar, un adolescente argelino que fue sentenciado a un proceso de Reforma Juvenil en España por cometer un delito de tráfico de estupefacientes. A lo largo de dicho proceso se dieron una serie de circunstancias que le permitieron dar un giro a su vida: terminando la libertad vigilada empezó a trabajar en un piso tutelado de protección de menores, donde continúa trabajando en la actualidad (hace más de una década),ahora ya como educador. En este artículo, se presta atención a algunos de los elementos pedagógicos que contribuyeron a que se produjese aquel giro. Concretamente, se fija la mirada en un aspecto del proceso de enseñanza-aprendizaje (E-A) que fue fundamental: el Ambiente de aprendizaje. Y, concretamente, se pone el foco sobre las relaciones y el clima psicosocial establecidos durante aquel proceso, pues, según los datos, fueron dos elementos clave en ese sentido. Tras el estudio realizado, se reivindica una pedagogía ecológica que atienda, adecuadamente, a todos los elementos que se ponen en juego en cada intervención. Por supuesto a los objetivos, contenidos, metodología, etc., pero también a todos aquellos aspectos que conforman el ambiente de aprendizaje, ya que envuelven a los primeros y tienen una transcendencia fundamental para el desarrollo del proceso E-A.</subfield>
   </datafield>
   <datafield ind1="8" ind2=" " tag="024">
      <subfield code="a">Herrera Pastor, D., &amp; De Oña Cots, J.M. (2016). La importancia del ambiente de aprendizaje. Pedagogía ecológica en un centro de menores. Revista Fuentes, 18(1), 77-90</subfield>
   </datafield>
   <datafield ind1="8" ind2=" " tag="024">
      <subfield code="a">https://hdl.handle.net/10630/29290</subfield>
   </datafield>
   <datafield ind1="8" ind2=" " tag="024">
      <subfield code="a">10.12795/revistafuentes.2016.18.1.05</subfield>
   </datafield>
   <datafield tag="653" ind2=" " ind1=" ">
      <subfield code="a">Adolescentes marginados</subfield>
   </datafield>
   <datafield tag="653" ind2=" " ind1=" ">
      <subfield code="a">Pedagogía</subfield>
   </datafield>
   <datafield tag="653" ind2=" " ind1=" ">
      <subfield code="a">Ecología</subfield>
   </datafield>
   <datafield ind2="0" ind1="0" tag="245">
      <subfield code="a">La importancia del ambiente de aprendizaje. Pedagogía ecológica en un centro de menores</subfield>
   </datafield>
</record>
</metadata></record></GetRecord></OAI-PMH>